[Event "18th Charleroi Open-A 2019"]
[Site "Charleroi"]
[Date "2019.08.01"]
[Round "7.14"]
[White "Boucquet, Emile"]
[Black "Sclacmender, Julien"]
[Result "1/2-1/2"]
[WhiteElo "2064"]
[BlackElo "2269"]
[Annotator "TA"]
[PlyCount "129"]
[EventDate "2019.07.22"]
[EventType "swiss"]
[EventCountry "BEL"]
[SourceTitle "playchess.com"]
[Source "ChessBase"]
[SourceQuality "1"]

{[%evp 17,129,-29,-31,-34,-29,-69,-61,-62,-63,-79,-56,-71,-33,-55,-36,-56,-53,-52,-61,-53,-59,-41,-68,-133,19,-60,23,-37,-46,-37,-26,-25,-25,-92,-98,-109,-68,-88,-53,-49,26,-150,54,47,41,35,152,0,42,-18,-18,-16,-20,-24,-20,-94,-64,-110,-102,-127,-73,-211,-204,-197,-195,-316,-199,-241,-264,-232,-102,-104,-120,-116,-116,-110,-118,-112,-112,-112,-112,-112,-112,-119,-118,-110,-110,-119,-25,-54,-48,-216,-22,-241,-265,-267,-267,-231,-11,-11,-11,-11,-11,-11,0,0,0,0,0,0,0,0,0,0]} 1. e4 c5 2. d4 cxd4 3. c3 Nf6 4. e5 Nd5 5. cxd4 d6 6. Nf3 Nc6 7. Bc4 Nb6 8. Bb3 dxe5 9. d5 Na5 10. Nc3 {B22: Sicilian: 2 c3} Bg4 (10... Nxb3 11. Qxb3 e6 12. Nxe5 Nxd5 13. Qb5+ Bd7 14. Qxb7 Bb4 15. Nxd7 Qc8 16. Nc5 Qxb7 17. Nxb7 Rb8 18. Nd6+ Bxd6 19. Nxd5 exd5 20. O-O {½-½ (31) Stevic,H (2624)-Markus,R (2625) Ljubljana 2012}) 11. Ba4+ Nxa4 12. Qxa4+ {[%mdl 64] Double Attack. Black is slightly better.} Bd7 13. Qe4 f6 14. O-O b6 $146 ({Predecessor:} 14... Rc8 15. Be3 b6 16. a4 g6 17. Qd3 Bg7 {1-0 (52) Brinovec,D (2162)-Tisaj,D (2003) Otocec 2017}) 15. Nd2 g6 16. f4 exf4 17. Nf3 Bg7 18. Re1 O-O 19. Bxf4 Re8 20. Nd4 (20. Rad1 $15) 20... Rc8 $2 (20... f5 $17 21. Qd3 e5 22. dxe6 Bxe6 {[%mdl 64] Pin}) 21. Rad1 (21. Ne6 $11 f5 22. Qe2 Bxe6 23. Qxe6+ Kh8 24. Nb5) 21... Rc4 (21... f5 $15 22. Qe3 Nc4) 22. Qe2 (22. Nce2 $11) 22... Qc8 $15 23. h3 Nb7 $36 {[%mdl 2048] Black is pushing.} 24. Bg3 {[#]} b5 $1 {[%mdl 512]} 25. Kh2 (25. a4 $11 {keeps the balance.}) (25. Ncxb5 Bxb5) 25... a6 $1 $17 26. a3 Nd8 27. Nb3 Qa8 28. Ne4 Nf7 (28... f5 $15 29. Nec5 Qc8) 29. Nbc5 $2 (29. Na5 $1 $11 Rcc8 30. b4) 29... Qc8 $2 (29... f5 $1 $17 {[%cal Rf5e4]} 30. Qf2 Rxe4 31. Rxe4 fxe4 32. Nxd7 Rd8) 30. Nxd7 $14 Qxd7 31. b4 Qf5 ({Black should try} 31... Qc8 $14) 32. Nc5 $2 ({White has to play} 32. d6 $1 $16) 32... Rc2 33. Qd3 (33. Rd2 $14 Rxd2 34. Qxd2) 33... Qxd3 $11 34. Rxd3 Ne5 35. Bxe5 fxe5 36. Rf3 (36. Nd7 $11) 36... Rd8 37. Rd1 Ra8 38. Rdf1 Rc4 (38... Rd2 $142 39. R3f2 Rxd5) 39. Rf7 (39. Ne6 $17 {keeps fighting.}) 39... Bf6 $1 $19 40. R1xf6 exf6 {[%mdl 4096] Endgame KRR-KRN} 41. Rd7 (41. Rxf6 {was the only chance.} a5 42. d6 axb4 43. axb4) 41... a5 42. d6 axb4 43. axb4 {intending Re7.} Rd4 ({Don't play} 43... Rxb4 44. Re7) (43... Re8 $1 $19 {is more deadly. Hoping for ...Rd4.} 44. Rb7 Rd8) 44. Ne6 $17 Rd2 {And now ...Kh8 would win.} ({Worse is} 44... Rxb4 45. Rg7+ Kh8 46. Re7 $16) 45. Rg7+ Kh8 46. d7 Ra6 $1 {[%cal Ra6e6]} 47. Re7 {[%cal Re7e8] [#]} Rxe6 $1 48. Rxe6 Rxd7 49. Rxf6 {KR-KR} Rd4 $1 50. Re6 e4 51. Kg3 Rxb4 52. Kf4 Kg7 (52... Rc4 $1 $17 53. Ke3 b4) 53. Re7+ $11 Kg8 54. h4 $2 {[#]} (54. g4 $15) 54... Rc4 $2 ({Black should play} 54... e3+ $1 $19 55. Kg5 (55. Kxe3 Rxh4) 55... Rd4 56. Rxe3 Kf7) 55. Rb7 $2 (55. h5 $1 $11) 55... b4 $19 56. g3 h6 57. Ke3 {[#]} Rc3+ $2 (57... h5 $1 $19 58. Kf4 Kf8) 58. Kxe4 $11 {The position is equal.} Rxg3 {Threatens to win with ...Rg4+.} 59. Kf4 $1 Rb3 60. Ke5 Rb1 61. Kf6 Rg1 62. Rb8+ Kh7 63. Rb7+ Kg8 64. Rb8+ Kh7 65. Rb7+ {Accuracy: White = 34%, Black = 38%.} 1/2-1/2

[Event "18th Charleroi Open-A 2019"]
[Site "Charleroi"]
[Date "2019.08.01"]
[Round "7.19"]
[White "Roels, Frederik"]
[Black "Duhayon, Yves"]
[Result "0-1"]
[WhiteElo "1944"]
[BlackElo "2132"]
[Annotator "NA"]
[PlyCount "96"]
[EventDate "2019.07.22"]
[EventType "swiss"]
[EventCountry "BEL"]
[SourceTitle "playchess.com"]
[Source "ChessBase"]
[SourceQuality "1"]
[TimeControl "40/5400+30:1800+30"]

1. d4 {[%emt 0:01:00]} d5 {[%emt 0:00:00]} 2. c4 {[%emt 0:00:21]} e6 {[%emt 0:00:00]} 3. Nc3 {[%emt 0:00:13]} a6 {[%emt 0:00:14]} 4. cxd5 {[%emt 0:01:01]} exd5 {[%emt 0:00:04]} 5. Nf3 Nf6 {[%emt 0:00:43]} 6. Bg5 {[%emt 0:00:46]} Be6 {[%emt 0:00:46]} 7. e3 {[%emt 0:00:39]} Nbd7 {[%emt 0:00:39]} 8. Bd3 {[%emt 0:00:14]} Bd6 {[%emt 0:04:52]} 9. O-O {[%emt 0:02:18]} O-O {[%emt 0:01:07]} 10. Qc2 {[%emt 0:01:26]} h6 {[%emt 0:00:11]} 11. Bf4 {[%emt 0:02:07]} Qe7 {[%emt 0:17:53]} 12. Bxd6 {[%emt 0:06:17]} Qxd6 {[%emt 0:00:08]} 13. Rfe1 {[%emt 0:14:42]} c6 {[%emt 0:00:47]} 14. Rad1 {[%emt 0:01:06]} Bg4 {[%emt 0:02:27]} 15. Be2 {[%emt 0:05:50]} Rfe8 {[%emt 0:03:47]} 16. Nh4 {[%emt 0:05:39]} Bxe2 {[%emt 0:16:29]} 17. Nxe2 {[%emt 0:04:18]} Qf8 {[%emt 0:10:38]} 18. Nf3 {[%emt 0:06:30]} Ne4 {[%emt 0:01:17]} 19. Nc3 {[%emt 0:01:03]} f5 {[%emt 0:03:13]} 20. Nd2 {[%emt 0:00:37]} Re6 {[%emt 0:08:07]} 21. f3 {[%emt 0:00:59]} Nxd2 {[%emt 0:00:31]} 22. Rxd2 {[%emt 0:00:13]} Rae8 {[%emt 0:00:08]} 23. Rde2 {[%emt 0:02:20]} Qf6 {[%emt 0:04:46]} 24. Qd2 {[%emt 0:07:20]} Qg5 {[%emt 0:03:37]} 25. Nd1 {[%emt 0:02:52]} Nf6 {[%emt 0:01:14]} 26. Nf2 {[%emt 0:00:27]} Nh5 {[%emt 0:04:20]} 27. Nd3 {[%emt 0:01:23]} Qe7 {[%emt 0:04:23]} 28. Ne5 {[%emt 0:00:31]} Kh7 {[%emt 0:01:12]} 29. Qc2 {[%emt 0:02:20]} g6 {[%emt 0:00:08]} 30. a3 {[%emt 0:08:08]} c5 {[%emt 0:01:22]} 31. g3 {[%emt 0:03:27]} Nf6 {[%emt 0:01:19]} 32. Qd2 {[%emt 0:01:31]} c4 {[%emt 0:01:01]} 33. Qa5 {[%emt 0:01:03]} b5 {[%emt 0:00:19]} 34. Qd2 {[%emt 0:05:14]} Nd7 {[%emt 0:00:18]} 35. f4 {[%emt 0:00:16]} Nf6 {[%emt 0:00:11]} 36. Rg2 {[%emt 0:00:40]} Ne4 {[%emt 0:01:23]} 37. Qa5 {[%emt 0:02:18]} Qd8 {[%emt 0:01:27]} 38. Qb4 {[%emt 0:00:41]} Qb6 {[%emt 0:00:44]} 39. Nd7 {[%emt 0:01:34]} Qd6 {[%emt 0:00:51]} 40. Qxd6 {[%emt 0:03:11]} Rxd6 {[%emt 0:00:09]} 41. Ne5 {[%emt 0:30:11]} Re7 {[%emt 0:37:45]} 42. g4 {[%emt 0:00:00]} fxg4 {[%emt 0:00:00]} 43. Rxg4 {[%emt 0:00:00]} a5 {[%emt 0:00:00]} 44. h4 {[%emt 0:00:00]} b4 {[%emt 0:00:00]} 45. axb4 {[%emt 0:00:00]} axb4 {[%emt 0:00:00]} 46. Ra1 {[%emt 0:00:00]} c3 {[%emt 0:00:00]} 47. Rg2 {[%emt 0:00:00]} Rc7 {[%emt 0:00:00]} 48. bxc3 {[%emt 0:00:00]} bxc3 0-1

[Event "18th Charleroi Open-A 2019"]
[Site "Charleroi"]
[Date "2019.08.01"]
[Round "7.21"]
[White "Bruno, Ricardo"]
[Black "Moreels, Yves"]
[Result "1-0"]
[WhiteElo "2007"]
[BlackElo "2079"]
[Annotator "NA"]
[PlyCount "33"]
[EventDate "2019.07.22"]
[EventType "swiss"]
[EventCountry "BEL"]
[SourceTitle "playchess.com"]
[Source "ChessBase"]
[SourceQuality "1"]
[TimeControl "40/5400+30:1800+30"]

1. e4 {[%emt 1:30:30]} Nc6 {[%emt 1:30:30]} 2. Nf3 {[%emt 0:00:30]} d5 {[%emt 0:00:30]} 3. exd5 {[%emt 0:00:30]} Qxd5 4. Nc3 {[%emt 0:00:30]} Qa5 {[%emt 0:01:00]} 5. Be2 {[%emt 0:00:30]} Bg4 {[%emt 0:00:30]} 6. O-O {[%emt 0:00:30]} O-O-O 7. d3 Nf6 8. Ng5 Be6 {[%emt 0:01:30]} 9. Nxe6 {[%emt 0:01:30]} fxe6 {[%emt 0:00:30]} 10. Bf3 {[%emt 0:00:30]} Nd4 {[%emt 0:00:30]} 11. Be3 {[%emt 0:00:30]} Nf5 {[%emt 0:00:30]} 12. Qe2 {[%emt 0:00:30]} g5 {[%emt 0:00:30]} 13. Bxa7 {[%emt 0:00:30]} Rd6 {[%emt 0:00:30]} 14. Be3 {[%emt 0:00:30]} Rg8 {[%emt 0:00:30]} 15. Ne4 {[%emt 0:00:30]} Ra6 {[%emt 0:00:30]} 16. Nc5 {[%emt 0:00:30]} g4 {[%emt 0:00:30]} 17. Bxb7+ {[%emt 0:00:30]} 1-0

[Event "18th Charleroi Open-A 2019"]
[Site "Charleroi"]
[Date "2019.08.01"]
[Round "7.23"]
[White "Verbist, Julien"]
[Black "Hafner, Christian"]
[Result "1/2-1/2"]
[WhiteElo "1974"]
[BlackElo "2071"]
[Annotator "NA"]
[PlyCount "40"]
[EventDate "2019.07.22"]
[EventType "swiss"]
[EventCountry "BEL"]
[SourceTitle "playchess.com"]
[Source "ChessBase"]
[SourceQuality "1"]
[TimeControl "40/5400+30:1800+30"]

1. e4 {[%emt 0:00:00]} c5 {[%emt 0:00:00]} 2. Bc4 {[%emt 0:00:00]} e6 {[%emt 0:00:18]} 3. Qe2 {[%emt 0:00:00]} Nc6 {[%emt 0:00:44]} 4. c3 {[%emt 0:00:00]} a6 {[%emt 0:02:04]} 5. d3 {[%emt 0:00:00]} Be7 {[%emt 0:01:18]} 6. Nd2 {[%emt 0:00:01]} Nf6 {[%emt 0:00:39]} 7. Ngf3 {[%emt 0:00:04]} b5 {[%emt 0:11:06]} 8. Bb3 {[%emt 0:00:10]} Bb7 {[%emt 0:00:07]} 9. Nf1 {[%emt 0:00:20]} h6 {[%emt 0:08:10]} 10. Ng3 {[%emt 0:00:23]} Qc7 {[%emt 0:02:31]} 11. O-O {[%emt 0:01:42]} O-O {[%emt 0:01:42]} 12. Rd1 {[%emt 0:00:46]} a5 {[%emt 0:03:18]} 13. Bd2 {[%emt 0:07:32]} a4 {[%emt 0:03:43]} 14. Bc2 {[%emt 0:01:00]} a3 {[%emt 0:00:14]} 15. b3 {[%emt 0:00:04]} b4 {[%emt 0:01:10]} 16. Rac1 {[%emt 0:00:22]} Qa5 {[%emt 0:06:37]} 17. Bb1 {[%emt 0:05:46]} d6 {[%emt 0:01:32]} 18. d4 {[%emt 0:03:09]} Ba6 {[%emt 0:03:07]} 19. Bd3 {[%emt 0:00:27]} Bxd3 {[%emt 0:00:59]} 20. Qxd3 {[%emt 0:00:08]} Qd8 {[%emt 0:50:41]} 1/2-1/2

[Event "18th Charleroi Open-A 2019"]
[Site "Charleroi"]
[Date "2019.08.01"]
[Round "7.24"]
[White "Roos, David"]
[Black "Godry, Clement"]
[Result "1-0"]
[WhiteElo "2114"]
[BlackElo "1962"]
[Annotator "NA"]
[PlyCount "53"]
[EventDate "2019.07.22"]
[EventType "swiss"]
[EventCountry "BEL"]
[SourceTitle "playchess.com"]
[Source "ChessBase"]
[SourceQuality "1"]
[TimeControl "40/5400+30:1800+30"]

1. e4 {[%emt 0:00:00]} b6 {[%emt 0:00:00]} 2. d4 {[%emt 0:00:45]} Bb7 {[%emt 0:00:04]} 3. Nc3 {[%emt 0:01:30]} e6 {[%emt 0:00:20]} 4. g3 {[%emt 0:00:52]} Nf6 {[%emt 0:00:19]} 5. Bg2 {[%emt 0:00:05]} Be7 {[%emt 0:00:20]} 6. Nge2 {[%emt 0:00:11]} d5 {[%emt 0:00:29]} 7. e5 {[%emt 0:05:12]} Nfd7 {[%emt 0:00:08]} 8. O-O {[%emt 0:03:36]} O-O {[%emt 0:00:50]} 9. f4 {[%emt 0:03:50]} c5 {[%emt 0:00:13]} 10. Be3 {[%emt 0:00:39]} Nc6 {[%emt 0:00:22]} 11. Kh1 {[%emt 0:00:12]} Rc8 {[%emt 0:02:52]} 12. g4 {[%emt 0:17:23]} Ba6 {[%emt 0:06:21]} 13. Rf3 {[%emt 0:03:11]} f6 {[%emt 0:09:59]} 14. Bg1 {[%emt 0:06:03]} cxd4 {[%emt 0:14:44]} 15. Nxd4 {[%emt 0:09:33]} Nxd4 {[%emt 0:00:16]} 16. Bxd4 {[%emt 0:00:01]} fxe5 {[%emt 0:00:23]} 17. fxe5 {[%emt 0:00:05]} Qc7 {[%emt 0:01:54]} 18. Rh3 {[%emt 0:07:38]} Bc5 {[%emt 0:17:53]} 19. g5 {[%emt 0:25:33]} Bxd4 {[%emt 0:11:21]} 20. Rxh7 {[%emt 0:09:19]} Kxh7 {[%emt 0:00:06]} 21. Qh5+ {[%emt 0:00:11]} Kg8 {[%emt 0:00:08]} 22. Nxd5 {[%emt 0:01:29]} Nf6 {[%emt 0:05:00]} 23. exf6 {[%emt 0:00:56]} exd5 {[%emt 0:00:22]} 24. Bxd5+ {[%emt 0:00:09]} Rf7 {[%emt 0:00:10]} 25. g6 {[%emt 0:01:48]} Bxf6 {[%emt 0:02:10]} 26. Re1 {[%emt 0:01:10]} Be5 {[%emt 0:03:40]} 27. Rxe5 {[%emt 0:00:03]} 1-0

[Event "18th Charleroi Open-A 2019"]
[Site "Charleroi"]
[Date "2019.08.01"]
[Round "7.25"]
[White "Vanden Bussche, Steven"]
[Black "Ramacker, Quinten"]
[Result "1-0"]
[WhiteElo "2061"]
[BlackElo "2006"]
[Annotator "NA"]
[PlyCount "70"]
[EventDate "2019.07.22"]
[EventType "swiss"]
[EventCountry "BEL"]
[SourceTitle "playchess.com"]
[Source "ChessBase"]
[SourceQuality "1"]
[TimeControl "40/5400+30:1800+30"]

1. d4 {[%emt 0:00:00]} Nf6 {[%emt 0:00:11]} 2. Bf4 {[%emt 0:00:00]} e6 {[%emt 0:01:27]} 3. e3 {[%emt 0:00:00]} c5 {[%emt 0:01:49]} 4. c3 {[%emt 0:00:00]} b6 {[%emt 0:01:44]} 5. Nf3 {[%emt 0:01:37]} Be7 {[%emt 0:04:03]} 6. h3 {[%emt 0:00:41]} O-O {[%emt 0:01:03]} 7. Bd3 {[%emt 0:00:25]} Ba6 {[%emt 0:03:38]} 8. O-O {[%emt 0:00:40]} cxd4 {[%emt 0:07:27]} 9. exd4 {[%emt 0:02:13]} Bxd3 {[%emt 0:00:22]} 10. Qxd3 {[%emt 0:00:06]} Nc6 {[%emt 0:01:16]} 11. Nbd2 {[%emt 0:00:07]} Rc8 {[%emt 0:02:52]} 12. Rfe1 {[%emt 0:01:34]} d5 {[%emt 0:04:19]} 13. Ne5 {[%emt 0:00:19]} Na5 {[%emt 0:13:09]} 14. Qa6 {[%emt 0:04:49]} Bd6 {[%emt 0:06:20]} 15. Bg5 {[%emt 0:11:49]} Be7 {[%emt 0:04:37]} 16. Re3 {[%emt 0:09:21]} h6 {[%emt 0:08:01]} 17. Bh4 {[%emt 0:07:02]} Qc7 {[%emt 0:03:27]} 18. Qe2 {[%emt 0:04:14]} Nc6 {[%emt 0:07:52]} 19. f4 {[%emt 0:03:11]} Nd7 {[%emt 0:04:33]} 20. Qh5 {[%emt 0:12:28]} Bxh4 {[%emt 0:05:14]} 21. Qxh4 {[%emt 0:00:06]} f5 {[%emt 0:02:51]} 22. Nxd7 {[%emt 0:05:27]} Qxd7 {[%emt 0:00:01]} 23. Rae1 {[%emt 0:00:24]} Rf6 {[%emt 0:01:09]} 24. Nf3 {[%emt 0:01:32]} Re8 {[%emt 0:00:38]} 25. Ne5 {[%emt 0:01:31]} Nxe5 {[%emt 0:00:01]} 26. Rxe5 {[%emt 0:00:41]} Qb5 {[%emt 0:00:28]} 27. Qf2 {[%emt 0:00:29]} Kf7 {[%emt 0:00:56]} 28. Kh2 {[%emt 0:00:58]} Qc4 {[%emt 0:00:57]} 29. a3 {[%emt 0:03:13]} Qd3 {[%emt 0:00:08]} 30. R5e3 {[%emt 0:01:15]} Qb5 {[%emt 0:00:17]} 31. g4 {[%emt 0:01:17]} fxg4 {[%emt 0:00:24]} 32. hxg4 {[%emt 0:00:14]} g6 {[%emt 0:01:19]} 33. R1e2 {[%emt 0:03:43]} Qc4 {[%emt 0:01:26]} 34. Qh4 {[%emt 0:03:46]} Qc7 {[%emt 0:04:40]} 35. Re5 {[%emt 0:00:23]} Kg8 {[%emt 0:01:55]} 1-0

[Event "18th Charleroi Open-A 2019"]
[Site "Charleroi"]
[Date "2019.08.01"]
[Round "7.27"]
[White "Godde, Matthias"]
[Black "De Block, Fabio"]
[Result "1/2-1/2"]
[WhiteElo "1989"]
[BlackElo "2039"]
[Annotator "NA"]
[PlyCount "67"]
[EventDate "2019.07.22"]
[EventType "swiss"]
[EventCountry "BEL"]
[SourceTitle "playchess.com"]
[Source "ChessBase"]
[SourceQuality "1"]
[TimeControl "40/5400+30:1800+30"]

1. e4 {[%emt 0:00:00]} c6 {[%emt 0:06:38]} 2. d3 {[%emt 0:00:00]} d5 {[%emt 0:00:10]} 3. Nd2 {[%emt 0:00:01]} e5 {[%emt 0:01:39]} 4. Ngf3 {[%emt 0:00:05]} Bd6 {[%emt 0:00:37]} 5. d4 {[%emt 0:00:08]} exd4 {[%emt 0:08:12]} 6. exd5 {[%emt 0:00:12]} cxd5 {[%emt 0:03:12]} 7. Nxd4 {[%emt 0:00:10]} Nf6 {[%emt 0:02:14]} 8. Bb5+ {[%emt 0:00:07]} Bd7 {[%emt 0:01:45]} 9. Qe2+ {[%emt 0:02:07]} Qe7 {[%emt 0:03:27]} 10. Bxd7+ {[%emt 0:00:37]} Nbxd7 {[%emt 0:01:44]} 11. Qxe7+ {[%emt 0:00:09]} Bxe7 {[%emt 0:00:26]} 12. Nf5 {[%emt 0:00:12]} Bf8 {[%emt 0:00:53]} 13. O-O {[%emt 0:01:42]} O-O-O {[%emt 0:02:41]} 14. Nf3 {[%emt 0:01:52]} h6 {[%emt 0:08:32]} 15. Bf4 {[%emt 0:06:45]} g6 {[%emt 0:08:13]} 16. N5d4 {[%emt 0:02:14]} Bc5 {[%emt 0:06:06]} 17. Rad1 {[%emt 0:12:06]} Ne4 {[%emt 0:13:39]} 18. Nb3 {[%emt 0:16:14]} g5 {[%emt 0:03:58]} 19. Nxc5 {[%emt 0:02:21]} Ndxc5 {[%emt 0:00:07]} 20. Be3 {[%emt 0:00:18]} Rhe8 {[%emt 0:02:31]} 21. Bd4 {[%emt 0:07:36]} f6 {[%emt 0:05:22]} 22. Ne1 {[%emt 0:01:06]} Nd7 {[%emt 0:05:28]} 23. f3 {[%emt 0:12:11]} Nec5 {[%emt 0:01:32]} 24. Kf2 {[%emt 0:14:59]} b6 {[%emt 0:00:59]} 25. Nd3 {[%emt 0:07:56]} Nxd3+ {[%emt 0:04:03]} 26. Rxd3 {[%emt 0:00:10]} Ne5 {[%emt 0:00:08]} 27. Bxe5 {[%emt 0:06:52]} Rxe5 {[%emt 0:01:43]} 28. Rfd1 {[%emt 0:02:02]} Kc7 {[%emt 0:00:40]} 29. c4 {[%emt 0:01:51]} Kc6 {[%emt 0:00:05]} 30. b4 {[%emt 0:00:41]} a5 {[%emt 0:04:23]} 31. a3 {[%emt 0:01:35]} axb4 {[%emt 0:00:04]} 32. axb4 {[%emt 0:00:06]} b5 {[%emt 0:00:06]} 33. c5 {[%emt 0:00:41]} Ra8 {[%emt 0:00:04]} 34. R3d2 {[%emt 0:00:38]} 1/2-1/2

[Event "18th Charleroi Open-A 2019"]
[Site "Charleroi"]
[Date "2019.08.01"]
[Round "7.28"]
[White "Miulescu, Gabriel"]
[Black "Guion, Geoffrey"]
[Result "1/2-1/2"]
[WhiteElo "2020"]
[BlackElo "2006"]
[Annotator "NA"]
[PlyCount "86"]
[EventDate "2019.07.22"]
[EventType "swiss"]
[EventCountry "BEL"]
[SourceTitle "playchess.com"]
[Source "ChessBase"]
[SourceQuality "1"]
[TimeControl "40/5400+30:1800+30"]

1. e4 {[%emt 0:00:00]} c5 {[%emt 0:00:00]} 2. Nf3 {[%emt 0:00:00]} Nc6 {[%emt 0:00:00]} 3. d4 {[%emt 0:00:01]} cxd4 {[%emt 0:00:00]} 4. Nxd4 {[%emt 0:00:03]} e5 {[%emt 0:00:00]} 5. Nb5 {[%emt 0:00:46]} d6 {[%emt 0:00:00]} 6. N1c3 {[%emt 0:00:23]} a6 {[%emt 0:00:12]} 7. Na3 {[%emt 0:00:12]} b5 {[%emt 0:00:17]} 8. Nd5 {[%emt 0:00:21]} Nge7 {[%emt 0:00:16]} 9. c3 {[%emt 0:01:25]} Nxd5 {[%emt 0:00:20]} 10. Qxd5 {[%emt 0:03:21]} Qc7 {[%emt 0:00:26]} 11. Be2 {[%emt 0:06:42]} Be6 {[%emt 0:00:33]} 12. Qd3 {[%emt 0:01:39]} Be7 {[%emt 0:00:33]} 13. Qg3 {[%emt 0:09:42]} O-O {[%emt 0:01:32]} 14. Bh6 {[%emt 0:04:17]} Bf6 {[%emt 0:00:40]} 15. Nc2 {[%emt 0:05:47]} Kh8 {[%emt 0:01:06]} 16. Bd2 {[%emt 0:06:58]} Ne7 {[%emt 0:08:59]} 17. O-O {[%emt 0:11:00]} d5 {[%emt 0:01:39]} 18. exd5 {[%emt 0:07:43]} Nxd5 {[%emt 0:01:38]} 19. Bf3 {[%emt 0:06:17]} Rad8 {[%emt 0:03:52]} 20. Bxd5 {[%emt 0:04:44]} Rxd5 {[%emt 0:04:00]} 21. Be3 {[%emt 0:05:19]} Be7 {[%emt 0:06:47]} 22. Nb4 {[%emt 0:04:49]} Bxb4 {[%emt 0:05:02]} 23. cxb4 {[%emt 0:00:07]} f5 {[%emt 0:01:09]} 24. Bc5 {[%emt 0:02:12]} Rfd8 {[%emt 0:01:17]} 25. Rfe1 {[%emt 0:02:54]} f4 {[%emt 0:05:32]} 26. Qc3 {[%emt 0:02:26]} h6 {[%emt 0:10:04]} 27. h3 {[%emt 0:01:59]} Bf5 {[%emt 0:01:57]} 28. f3 {[%emt 0:03:36]} Re8 {[%emt 0:03:14]} 29. Re2 {[%emt 0:04:26]} Rd3 {[%emt 0:05:47]} 30. Qe1 {[%emt 0:00:14]} Re6 {[%emt 0:04:48]} 31. Rd1 {[%emt 0:01:47]} Rxd1 {[%emt 0:04:10]} 32. Qxd1 {[%emt 0:00:02]} Qc6 {[%emt 0:10:39]} 33. Qd8+ {[%emt 0:02:03]} Kh7 {[%emt 0:00:49]} 34. Rd2 {[%emt 0:00:44]} e4 {[%emt 0:02:08]} 35. Qd5 {[%emt 0:00:20]} Qxd5 {[%emt 0:03:53]} 36. Rxd5 {[%emt 0:00:03]} e3 {[%emt 0:02:24]} 37. Rxf5 {[%emt 0:00:07]} e2 {[%emt 0:00:24]} 38. Bf2 {[%emt 0:00:04]} e1=Q+ {[%emt 0:00:05]} 39. Bxe1 {[%emt 0:00:04]} Rxe1+ {[%emt 0:00:06]} 40. Kh2 {[%emt 0:01:32]} Ra1 {[%emt 0:03:16]} 41. a3 {[%emt 0:30:40]} Ra2 {[%emt 0:31:43]} 42. Rxf4 {[%emt 0:01:30]} Rxb2 {[%emt 0:00:14]} 43. Rd4 {[%emt 0:00:32]} Rb3 {[%emt 0:00:17]} 1/2-1/2

[Event "18th Charleroi Open-A 2019"]
[Site "Charleroi"]
[Date "2019.08.01"]
[Round "7.29"]
[White "Lui, Eric"]
[Black "De Weird, Matthias"]
[Result "0-1"]
[WhiteElo "1884"]
[BlackElo "2009"]
[Annotator "NA"]
[PlyCount "94"]
[EventDate "2019.07.22"]
[EventType "swiss"]
[EventCountry "BEL"]
[SourceTitle "playchess.com"]
[Source "ChessBase"]
[SourceQuality "1"]
[TimeControl "40/5400+30:1800+30"]

1. e4 {[%emt 0:00:31]} e5 {[%emt 0:00:00]} 2. Nf3 {[%emt 0:00:13]} Nc6 {[%emt 0:00:00]} 3. Bb5 {[%emt 0:00:20]} Nd4 4. Nxd4 {[%emt 0:01:07]} exd4 {[%emt 0:00:00]} 5. O-O {[%emt 0:01:51]} Bc5 {[%emt 0:02:46]} 6. d3 {[%emt 0:01:25]} Ne7 {[%emt 0:00:46]} 7. Bg5 {[%emt 0:10:03]} O-O {[%emt 0:02:00]} 8. f4 {[%emt 0:04:14]} f6 {[%emt 0:00:22]} 9. Bh4 {[%emt 0:01:42]} c6 {[%emt 0:00:17]} 10. Ba4 {[%emt 0:01:09]} d5 {[%emt 0:00:15]} 11. Bb3 {[%emt 0:05:23]} Kh8 {[%emt 0:00:44]} 12. Bf2 {[%emt 0:03:33]} a5 {[%emt 0:01:09]} 13. a4 {[%emt 0:00:50]} b5 {[%emt 0:04:35]} 14. Nd2 {[%emt 0:03:38]} b4 {[%emt 0:00:23]} 15. Nf3 {[%emt 0:00:19]} Bg4 {[%emt 0:00:16]} 16. h3 {[%emt 0:00:23]} Bxf3 {[%emt 0:01:38]} 17. Qxf3 {[%emt 0:01:30]} Qd7 {[%emt 0:00:25]} 18. Rad1 {[%emt 0:03:44]} Ba7 {[%emt 0:00:38]} 19. Rfe1 {[%emt 0:03:52]} Rac8 {[%emt 0:01:03]} 20. Qh5 {[%emt 0:07:56]} g6 {[%emt 0:01:27]} 21. Qh4 {[%emt 0:02:19]} Kg7 {[%emt 0:04:36]} 22. f5 {[%emt 0:08:43]} gxf5 {[%emt 0:01:12]} 23. e5 {[%emt 0:00:11]} fxe5 24. Rxe5 {[%emt 0:01:02]} Ng6 {[%emt 0:01:16]} 25. Qg3 {[%emt 0:01:11]} f4 {[%emt 0:00:37]} 26. Qg5 {[%emt 0:00:08]} h6 {[%emt 0:00:05]} 27. Qh5 {[%emt 0:00:14]} Nxe5 28. Qxe5+ {[%emt 0:00:17]} Kh7 {[%emt 0:00:58]} 29. Rf1 {[%emt 0:03:24]} Rce8 {[%emt 0:03:21]} 30. Qh5 {[%emt 0:00:30]} f3 {[%emt 0:00:56]} 31. g4 {[%emt 0:01:12]} Qf7 {[%emt 0:01:07]} 32. Qh4 {[%emt 0:00:36]} Qf6 {[%emt 0:01:03]} 33. Qxf6 {[%emt 0:01:42]} Rxf6 {[%emt 0:00:03]} 34. c4 {[%emt 0:00:08]} dxc4 {[%emt 0:01:02]} 35. Bxc4 {[%emt 0:01:28]} Re2 {[%emt 0:00:34]} 36. b3 {[%emt 0:00:45]} Bb8 {[%emt 0:00:31]} 37. Re1 {[%emt 0:03:03]} Rxe1+ {[%emt 0:00:33]} 38. Bxe1 {[%emt 0:00:15]} Bf4 {[%emt 0:00:40]} 39. Bf2 {[%emt 0:00:28]} Be3 {[%emt 0:00:15]} 40. Ba6 {[%emt 0:01:22]} Kg6 {[%emt 0:00:15]} 41. Bc8 {[%emt 0:30:54]} Kg5 {[%emt 0:30:31]} 42. h4+ {[%emt 0:01:30]} Kf4 {[%emt 0:00:07]} 43. Kf1 {[%emt 0:00:26]} Bxf2 {[%emt 0:00:46]} 44. Kxf2 {[%emt 0:01:08]} Rf7 {[%emt 0:00:06]} 45. Bf5 {[%emt 0:00:19]} Re7 {[%emt 0:00:11]} 46. Be4 {[%emt 0:00:49]} Rxe4 {[%emt 0:00:39]} 47. dxe4 {[%emt 0:00:28]} d3 {[%emt 0:00:32]} 0-1